000
00393nam a2200145Ia 4500
008
090124s9999 xx 000 0 und d
082
_b
302689
245
_a
हाय सोसायटी
250
_a
1
260
_b
भसे पोपटराव
_c
1992
300
_a
208
630
_a
हाय सोसायटी
730
_a
हाय सोसायटी
942
_c
BOOK
999
_c
192326
_d
192326